=LDR 00000nam 2200000 4500 =001 INLIS000000000046319 =005 20210114095231 =035 ##$$a 0010-031500000000091 =008 210114################g##########0#ind## =020 ##$$a 978-602-98954-9-0 =040 ##$$a NBPDMAT =082 ##$$a 333.91 =090 ##$$a 333.91 $b met s =100 #$$a Metta Fauziah =245 1#$$a Sehat dengan air putih : $b Cara sehat alami /$c Metta Tauziah; editor, Sandiartoro =250 ##$$a cet.1 =260 ##$$a Surabaya :$b Stomata,$c 2011 =300 ##$$a xii, 148 : $b ilus ; $c 21x14 cm. =700 #$$a metta fauziah =084 ##$$a 333.91 MET s =650 #4$$a Air-kesehatan =990 ##$$a 31400046 =990 ##$$a 31400047 =990 ##$$a 31400048